आँखों देखा गदर / (Record no. 120937)
[ view plain ]
| 000 -LEADER | |
|---|---|
| fixed length control field | 01266nam a22002657a 4500 |
| 005 - DATE AND TIME OF LATEST TRANSACTION | |
| control field | 20170124103205.0 |
| 010 ## - LIBRARY OF CONGRESS CONTROL NUMBER | |
| LC control number | B-016991 |
| 020 ## - INTERNATIONAL STANDARD BOOK NUMBER | |
| Terms of availability | 90.00 |
| International Standard Book Number | 8170282500 |
| 035 ## - SYSTEM CONTROL NUMBER | |
| System control number | B-016991 |
| 037 ## - SOURCE OF ACQUISITION | |
| Source of stock number/acquisition | Cen Lib/Ret |
| 040 ## - CATALOGING SOURCE | |
| Original cataloging agency | DPL |
| Language of cataloging | HN |
| 082 ## - DEWEY DECIMAL CLASSIFICATION NUMBER | |
| Classification number | 954.83 |
| Item number | वरस |
| 100 ## - MAIN ENTRY--PERSONAL NAME | |
| Personal name | वरसईकर, विष्णुभट्ट गोडशे |
| 9 (RLIN) | 43621 |
| 245 ## - TITLE STATEMENT | |
| Title | आँखों देखा गदर / |
| Statement of responsibility, etc | विष्णुभट्ट गोडशे वरसईकर ; अनुवादक अमृतलाल नगर |
| 246 ## - VARYING FORM OF TITLE | |
| Title proper/short title | Ankhon dekha ghadar / |
| Remainder of title | by Vishnu Bhatt Godshe Varsayikar ; anuvadak Amritlal Nagar |
| 260 ## - PUBLICATION, DISTRIBUTION, ETC. (IMPRINT) | |
| Place of publication, distribution, etc | दिल्ली |
| Name of publisher, distributor, etc | राजपाल एंड संस |
| Date of publication, distribution, etc | 2000 |
| 270 ## - ADDRESS | |
| City | दिल्ली |
| Address | कश्मीरी गेट |
| Postal code | 110006 |
| 300 ## - PHYSICAL DESCRIPTION | |
| Extent | 117पृ. |
| Dimensions | 21सेमी.(सजिल्द) |
| 650 ## - SUBJECT ADDED ENTRY--TOPICAL TERM | |
| Topical term or geographic name as entry element | गदर का इतिहास |
| 9 (RLIN) | 44048 |
| 650 ## - SUBJECT ADDED ENTRY--TOPICAL TERM | |
| Topical term or geographic name as entry element | गदर -- ग्वालियर और मध्य भारत -- इतिहास |
| 9 (RLIN) | 93469 |
| 650 ## - SUBJECT ADDED ENTRY--TOPICAL TERM | |
| Topical term or geographic name as entry element | The history of mutiny |
| 9 (RLIN) | 93470 |
| 650 ## - SUBJECT ADDED ENTRY--TOPICAL TERM | |
| Topical term or geographic name as entry element | Gadar -- Gwalior and central India -- History |
| 9 (RLIN) | 93471 |
| 700 ## - ADDED ENTRY--PERSONAL NAME | |
| Personal name | नगर, अमृतलाल |
| 9 (RLIN) | 43761 |
| 942 ## - ADDED ENTRY ELEMENTS (KOHA) | |
| Source of classification or shelving scheme | Dewey Decimal Classification |
| Koha item type | Hindi Books |
| Classification part | 954.83 |
| Call number suffix | वरस |
| Withdrawn status | Lost status | Damaged status | Not for loan | Home library | Current library | Date acquired | Source of acquisition | Cost, normal purchase price | Total Checkouts | Full call number | Barcode | Date last seen | Copy number | Cost, replacement price | Price effective from | Koha item type |
|---|---|---|---|---|---|---|---|---|---|---|---|---|---|---|---|---|
| Central Library | Central Library | 29/09/2015 | Cen Lib/Ret | 90.00 | 954.83 वरस | B-016991 | 29/09/2015 | 1 | 90.00 | 29/09/2015 | Hindi Books |
